UITU Library & LRC     

Generator Fuel Consumption Monitoring System (Record no. 32276)

MARC details
000 -LEADER
fixed length control field 00446nam a2200133Ia 4500
008 - FIXED-LENGTH DATA ELEMENTS--GENERAL INFORMATION
fixed length control field 260210s9999 xx 000 0 und d
024 ## - OTHER STANDARD IDENTIFIER
Standard number or code 14B-17-BS, 14B-16-BS & 12B-61-BS
082 ## - DEWEY DECIMAL CLASSIFICATION NUMBER
Classification number 005.74072 SHO
100 ## - MAIN ENTRY--PERSONAL NAME
Personal name Shoaib Ashraf, Hammad Tariq & ABdul Mannan Sabir
245 #0 - TITLE STATEMENT
Title Generator Fuel Consumption Monitoring System
260 ## - PUBLICATION, DISTRIBUTION, ETC.
Place of publication, distribution, etc. Karachi:
Name of publisher, distributor, etc. UITU,
Date of publication, distribution, etc. 2014
600 ## - SUBJECT ADDED ENTRY--PERSONAL NAME
Personal name Computer Science
650 ## - SUBJECT ADDED ENTRY--TOPICAL TERM
Topical term or geographic name entry element Bachelor of Computer Science (BS)

No items available.

Powered by Koha